| 000 | 00974nam a2200289Ia 4500 | ||
|---|---|---|---|
| 001 | Para_1059 | ||
| 003 | CHAP | ||
| 008 | 220125s1996 xx 000 0 und d | ||
| 010 | _a204523 | ||
| 040 | _cCHAP | ||
| 090 | _aPA TESIS 1025 | ||
| 100 |
_aAlbores Gomez, Francisco Senofio _93505 |
||
| 245 |
_aCiclo biológico del acaro predador Balaustium sp. (Acaricida : _b Erythraeidae) en la alfalfa Medicago Sativa L., en Chapingo, México / _c por Francisco Senofio Albores Gomez |
||
| 260 |
_aChapingo, Méx. : _b El autor |
||
| 300 | _a69 h. | ||
| 502 | _aTesis (Ing. Agr. Esp. en Parasitología Agrícola) -- UACh. Depto. Parasitología | ||
| 650 | _aAcaros | ||
| 650 |
_aAlfalfa _x plagas _93882 |
||
| 710 |
_aUACh. Departamento Parasitología Agrícola _9164025 |
||
| 901 | _aPA TESIS 1025 | ||
| 902 | _aA | ||
| 905 | _a0000001996 a 0000000000 00 | ||
| 910 | _a1996 | ||
| 942 | _cPARA | ||
| 942 |
_cPARA _d1 |
||
| 999 |
_c204523 _d204523 |
||